| 000 | 00458cam a22001337a 4500 | ||
|---|---|---|---|
| 008 | 180718b1975 xxu||||| |||| 00| 0 eng d | ||
| 082 | _aA99 G1512/Sp48 | ||
| 245 |
_aSpirit of India: columes presented to Shrimati Indira Gandhi _cby the Indira Gandhi Abhinandan Samiti |
||
| 260 |
_aBombay _bAsia _c1975 |
||
| 300 | _a4.vols | ||
| 500 | _avols.3 in Hindi & Vol. 4 in Urdu | ||
| 650 | _aGandhi, Indira, 1917-1984 | ||
| 700 | _aThe Indira Gandhi Abhinandan Samiti | ||
| 999 |
_c354863 _d354863 |
||